Grandfather and I / (Record no. 105143)
[ view plain ]
| 000 -LEADER | |
|---|---|
| fixed length control field | 00625nam a2200181 a 4500 |
| 005 - DATE AND TIME OF LATEST TRANSACTION | |
| control field | 20140412111342.0 |
| 008 - FIXED-LENGTH DATA ELEMENTS--GENERAL INFORMATION | |
| fixed length control field | 040114s19uu xx 00 eng d |
| 020 ## - INTERNATIONAL STANDARD BOOK NUMBER | |
| International Standard Book Number | 0-590-85026-1 |
| 050 ## - LIBRARY OF CONGRESS CALL NUMBER | |
| Classification number | ER |
| Item number | Gr75 1994 |
| 100 ## - MAIN ENTRY--PERSONAL NAME | |
| Personal name | Buckley, Helen E. |
| 245 ## - TITLE STATEMENT | |
| Title | Grandfather and I / |
| Statement of responsibility, etc | by Helen E. Buckley, Jan Ormerod. |
| 260 ## - PUBLICATION, DISTRIBUTION, ETC. (IMPRINT) | |
| Place of publication, distribution, etc | New York : |
| Name of publisher, distributor, etc | Scholastic Inc, |
| Date of publication, distribution, etc | 1994. |
| 300 ## - PHYSICAL DESCRIPTION | |
| Extent | [20] p. ; ill. |
| 520 ## - SUMMARY, ETC. | |
| Summary, etc | Mother and Father hurry. Brother and Sister hurry. But not Grandfather and I! We stop and look . . . just a s long as we like! |
| 650 ## - SUBJECT ADDED ENTRY--TOPICAL TERM | |
| Topical term or geographic name as entry element | Grandfathers--Fiction |
| 650 ## - SUBJECT ADDED ENTRY--TOPICAL TERM | |
| Topical term or geographic name as entry element | Children stories |
| Withdrawn status | Lost status | Damaged status | Use restrictions | Home library | Current library | Shelving location | Date acquired | Source of acquisition | Cost, normal purchase price | Total Checkouts | Full call number | Barcode | Date last seen | Price effective from | Koha item type |
|---|---|---|---|---|---|---|---|---|---|---|---|---|---|---|---|
| Elizalde Library | Elizalde Library | Easy Reading Section | 01/14/2004 | 189.75 | ER Gr75 1994 | E9482 | 04/12/2014 | 04/12/2014 | Books |